Normal view MARC view
  • Wise, Janet

Entry Personal Name

Number of records used in: 1

001 - CONTROL NUMBER

  • control field: 101535

003 - CONTROL NUMBER IDENTIFIER

  • control field: NUST

005 - DATE AND TIME OF LATEST TRANSACTION

  • control field: 20221027144615.0

008 - FIXED-LENGTH DATA ELEMENTS

  • fixed length control field: 221027|| aca||aabn | a|a d

040 ## - CATALOGING SOURCE

  • Original cataloging agency: NUST
  • Transcribing agency: NUST

100 ## - HEADING--PERSONAL NAME

  • Personal name: Wise, Janet

670 ## - SOURCE DATA FOUND

  • Source citation: Work cat.: (NUST)0: Wise, Janet., The black silk road/, 2009
© 2023 Central Library, National University of Sciences and Technology. All Rights Reserved.